| 000 | 00555nam a2200193 a 4500 | ||
|---|---|---|---|
| 001 | 1766566527116 | ||
| 003 | YourLibrary | ||
| 005 | 20251226115018.0 | ||
| 008 | 251224s2004##################000#0#eng## | ||
| 020 | _a9780199267132 | ||
| 082 | 0 | 4 |
_a234 _bKEA |
| 100 | 1 |
_aKeating, Daniel A., _eauthor. |
|
| 245 | 1 | 0 | _aThe Appropriation of Divine Life in Cyril of Alexandria : |
| 260 |
_bOxford University Press, USA, _c2004. |
||
| 300 | _a326 pages | ||
| 650 | 0 | _aBiography & Autobiography. | |
| 942 | _cENGLISH | ||
| 040 |
_aYourLibrary _beng _cYourLibrary |
||
| 999 |
_c604623 _d604623 |
||